Statistics for Bayern Munich 2018 - 2019 Squad

Click here to take the quiz!

General Stats

  • This quiz has been taken 226 times
    (207 since last reset)
  • The average score is 20 of 29

Answer Stats

PosPlayerNationality% Correct
GKManuel NeuerGermany
99%
FWRobert LewandowskiPoland
95%
DFJérôme BoatengGermany
94%
DFDavid AlabaAustria
92%
DFJoshua KimmichGermany
89%
MFJames RodríguezColombia
89%
MFThiagoSpain
88%
FWThomas MüllerGermany
86%
MFFranck RibéryFrance
86%
MFJavi MartínezSpain
86%
MFArjen RobbenNetherlands
84%
DFMats HummelsGermany
83%
MFArturo VidalChile
82%
DFNiklas SüleGermany
81%
MFKingsley ComanFrance
81%
GKSven UlreichGermany
80%
MFRenato SanchesPortugal
78%
MFCorentin TolissoFrance
75%
MFSerge GnabryGermany
74%
CoachNiko KovacCroatia
72%
DFRafinhaBrazil
69%
MFLeon GoretzkaGermany
67%
DFJuan BernatSpain
52%
FWSandro WagnerGermany
42%
MFSebastian RudyGermany
36%
GKChristian FrüchtlGermany
29%
DFLars Lukas MaiGermany
16%
MFMeritan ShabaniGermany
6%
MFFranck EvinaCameroon
6%

Score Distribution

Percentile by Number Answered

Percent of People with Each Score

Your Score History

You have not taken this quiz since the last reset